Statystyki dla Filmy Andrzeja Wajdy

Kliknij tutaj aby rozwiązać quiz!

Ogólne statystyki

  • Ten quiz został rozwiązany 220 razy
  • Średni wynik to 11 z 39

Statystyki odpowiedzi

RokFilm% Poprawnych
2007Katyń
75%
1977Człowiek z marmuru
74%
1981Człowiek z żelaza
74%
1998Pan Tadeusz
69%
1957Kanał
58%
2016Powidoki
57%
1958Popiół i diament
54%
2013Wałęsa. Człowiek z nadziei
49%
1975Ziemia obiecana
48%
2002Zemsta
44%
1973Wesele
39%
1979Panny z Wilka
37%
1965Popioły
33%
2009Tatarak
29%
1955Pokolenie
25%
1970Brzezina
24%
1959Lotna
22%
1996Panna Nikt
22%
1983Danton
21%
1960Niewinni czarodzieje
20%
1992Pierścionek z orłem w koronie
18%
1969Polowanie na muchy
18%
1980Dyrygent
16%
1969Wszystko na sprzedaż
15%
1978Bez znieczulenia
13%
1990Korczak
13%
1970Krajobraz po bitwie
12%
1972Piłat i inni
11%
1986Kronika wypadków miłosnych
10%
1995Wielki Tydzień
10%
1988Biesy
8%
1994Nastazja
8%
1968Przekładaniec
8%
1961Samson
8%
1976Smuga cienia
8%
1968Bramy raju
6%
1962Miłość dwudziestolatków
6%
1983Miłość w Niemczech
6%
1962Powiatowa Lady Makbet
6%

Rozkład punktacji

Percentyl według liczby udzielonych odpowiedzi

Procent ludzi z każdym wynikiem

Twoja historia wyników

Nie rozwiązałeś tego quizu